000 00876cam a2200277 a 4500
008
020 _a0521389089 (pbk.)
049 _aMAIN
090 _aGN33
_bHER
100 1 _aHerzfeld, Michael.
245 1 0 _aAnthropology through the looking-glass :
_bcritical ethnography in the margins of Europe /
_cMichael Herzfeld.
260 _aCambridge :
_bCambridge University Press ,
_c1987.
300 _axii, 260 p. ;
_c24 cm.
500 _aIncludes index.
504 _aIncludes bibliographical references.
650 0 _aAnthropology.
650 0 _aEthnology
_zEurope.
650 0 _aAnthropology
_xPhilosophy.
650 0 _aEthnology
_zGreece.
651 0 _aGreece
_xSocial life and customs.
907 _a.b10268790
_b16-11-09
_c08-10-09
003
005 20230123124955.0
040 _cNUST
942 _cBOOKS
_kGN33
_mHER
999 _c133496
_d133496